00506 a2200133 4500001001000000005001700010008004100027245013400068100002100202700002200223700002200245773008800267999001700355ART_4906220260410161731.0260409a 10aInvestigación empírica sobre relaciones entre la información financiera y socioambiental brindada por empresas en Argentina1 aLarramendy, Elsa1 aTellechea, Pamela1 aTobes, M. Luciana0 tEscritos contables y de administracióng- Vol. 9, Nº 1 (ene./jun. 2018)wREV2758 c17880d17880